00130 a2200073 450000100060000010000100000624500230001626000170003917418 aMunir aFrom jinnah to zia abVangaurdc